[Event "Voronezh op-B 20th"]
[Site "Voronezh"]
[Date "2016.06.13"]
[Round "2"]
[White "Gasanov, Zaur"]
[Black "Saveliev, Dmitri"]
[Result "1-0"]
[WhiteElo "2009"]
[BlackElo "2196"]
[PlyCount "132"]
[EventDate "2016.06.12"]
[EventType "swiss"]
[EventRounds "9"]
[EventCountry "RUS"]
[SourceTitle "EXT 2017"]
[Source "ChessBase"]
[SourceDate "2016.10.25"]
[SourceVersion "1"]
[SourceVersionDate "2016.10.25"]
[SourceQuality "1"]

1. d4 Nf6 2. c4 e6 3. g3 c5 4. Nf3 d5 5. Bg2 Nc6 6. 0-0 Be7 7. Nc3 0-0 8. cxd5 Nxd5 9. Nxd5 exd5 10. dxc5 Bxc5 11. Ne1 d4 12. Nd3 Bb6 13. b4 Bf5 14. b5 Na5 15. Ba3 Re8 16. Rc1 Be4 17. Bxe4 Rxe4 18. Nc5 Re5 19. Qd3 Qd5 20. Rc2 h5 21. Rfc1 Rd8 22. h4 Rde8 23. Rd1 Rd8 24. Bb4 g6 25. Rdc1 g5 26. hxg5 Rxg5 27. Ne4 Rg6 28. Be7 Kg7 29. Bxd8 Qxd8 30. Rc8 Qd7 31. Qa3 Bd8 32. Qc5 Nc6 33. bxc6 Qxc8 34. c7 Bxc7 35. Qxc7 Qxc7 36. Rxc7 Re6 37. f3 Kg6 38. Kf2 Ra6 39. Rxb7 Rxa2 40. Rd7 Ra4 41. Nc5 Rc4 42. Nb3 f5 43. Rxa7 d3 44. exd3 Rc3 45. Nd4 Rxd3 46. Ne2 Rd2 47. Ke3 Rb2 48. Nf4+ Kf6 49. Ra6+ Ke7 50. Nxh5 Rh2 51. Nf4 Rc2 52. Ng6+ Kf7 53. Ne5+ Ke7 54. Kf4 Rg2 55. Rg6 Rh2 56. Kxf5 Rh5+ 57. Rg5 Rh7 58. g4 Kf8 59. Rh5 Ra7 60. g5 Kg7 61. g6 Ra5 62. f4 Rb5 63. Rh7+ Kg8 64. Ra7 Rd5 65. Kf6 Rd6+ 66. Kg5 Rd2 1-0

[Event "Uljanovsk Volga op"]
[Site "Uljanovsk"]
[Date "2016.01.08"]
[Round "8"]
[White "Saveliev, Dmitri"]
[Black "Uryadov, Sergey S"]
[Result "1/2-1/2"]
[WhiteElo "2166"]
[BlackElo "1950"]
[PlyCount "83"]
[EventDate "2016.01.05"]
[EventType "swiss"]
[EventRounds "9"]
[EventCountry "RUS"]
[SourceTitle "CBM 170 Extra"]
[Source "ChessBase"]
[SourceDate "2016.02.25"]
[SourceVersion "1"]
[SourceVersionDate "2016.02.25"]
[SourceQuality "1"]

1. c4 Nf6 2. Nc3 g6 3. g3 Bg7 4. Bg2 0-0 5. e4 d6 6. Nge2 c5 7. 0-0 Nc6 8. d3 Rb8 9. h3 a6 10. f4 Nd7 11. a4 Nd4 12. Be3 b5 13. axb5 axb5 14. Bxd4 cxd4 15. Nxb5 Qb6 16. Qa4 Nc5 17. Qa3 Bb7 18. b4 Na6 19. Rfb1 e5 20. Qa5 Qxa5 21. Rxa5 Rfd8 22. fxe5 dxe5 23. c5 Bf8 24. Na7 Ra8 25. c6 Bc8 26. Nxc8 Rdxc8 27. b5 Nb4 28. Rxa8 Rxa8 29. c7 Bc5 30. Rxb4 Bxb4 31. b6 Bd6 32. Bf1 Bxc7 33. bxc7 Rc8 34. Kf2 Rxc7 35. Ng1 Rc2+ 36. Be2 f6 37. g4 Kf7 38. Nf3 Ke6 39. Ke1 Ra2 40. Nd2 f5 41. g5 Ra1+ 42. Kf2 1/2-1/2

[Event "Uljanovsk Student op"]
[Site "Uljanovsk"]
[Date "2014.03.30"]
[Round "5"]
[White "Nikitin, Dmitry"]
[Black "Saveliev, Dmitri"]
[Result "0-1"]
[WhiteElo "1846"]
[BlackElo "2093"]
[PlyCount "96"]
[EventDate "2014.03.22"]
[EventType "swiss"]
[EventRounds "9"]
[EventCountry "RUS"]
[SourceTitle "EXT 2016"]
[Source "ChessBase"]
[SourceDate "2015.10.08"]
[SourceVersion "1"]
[SourceVersionDate "2015.10.08"]
[SourceQuality "1"]

1. e4 e5 2. Nf3 Nc6 3. Bb5 a6 4. Ba4 Nf6 5. 0-0 b5 6. Bb3 Be7 7. c3 0-0 8. Re1 d6 9. h3 Bb7 10. d4 h6 11. Bc2 Re8 12. Nbd2 Bf8 13. b3 Rc8 14. Bb2 g6 15. Rc1 Bg7 16. Nf1 exd4 17. cxd4 Nb4 18. e5 Nxc2 19. Qxc2 Nd5 20. Rcd1 Nf4 21. N1h2 c5 22. dxc5 Rxc5 23. Qxc5 dxc5 24. Rxd8 Rxd8 25. Bc1 Nd3 26. Rd1 Rd5 27. Ng4 Nxe5 28. Rxd5 Nxf3+ 29. gxf3 Bxd5 30. Bxh6 Bxh6 31. Nf6+ Kf8 32. Nxd5 c4 33. Kf1 Ke8 34. Nc7+ Kd7 35. Nxa6 Bf8 36. Ke2 Kc6 37. b4 Kb7 38. Nc5+ Bxc5 39. bxc5 Kc6 40. a3 Kxc5 41. Ke3 b4 42. axb4+ Kxb4 43. Kd2 Kc5 44. Kc3 Kd5 45. h4 f6 46. f4 f5 47. f3 Kc5 48. Kc2 Kd4 0-1

[Event "Uljanovsk Privolje op"]
[Site "Uljanovsk"]
[Date "2012.02.02"]
[Round "5"]
[White "Kashicin, Alexander"]
[Black "Saveliev, Dmitri"]
[Result "0-1"]
[WhiteElo "1940"]
[BlackElo "2128"]
[PlyCount "95"]
[EventDate "2012.01.31"]
[EventType "swiss"]
[EventRounds "9"]
[EventCountry "RUS"]
[SourceTitle "EXT 2013"]
[Source "ChessBase"]
[SourceDate "2012.11.22"]
[SourceVersion "1"]
[SourceVersionDate "2012.11.22"]
[SourceQuality "1"]

1. d4 g6 2. Nf3 Bg7 3. c3 e6 4. Bf4 d6 5. e4 Nd7 6. e5 d5 7. Bg5 Ne7 8. Bd3 c5 9. Qd2 h6 10. Bxe7 Qxe7 11. 0-0 Nb6 12. Na3 c4 13. Be2 Bd7 14. Nc2 0-0-0 15. b3 f6 16. exf6 Bxf6 17. Ne5 Bxe5 18. dxe5 Qg7 19. Qe3 Kb8 20. Nd4 Rc8 21. Bg4 Qe7 22. Qh3 Rce8 23. Qe3 h5 24. Be2 g5 25. bxc4 dxc4 26. Rab1 Nd5 27. Qd2 Qc5 28. Bf3 g4 29. Be4 Ref8 30. Rb2 h4 31. Rfb1 b6 32. g3 hxg3 33. hxg3 Rh5 34. Rb5 Bxb5 35. Nxe6 Rxf2 36. Qxd5 Qxd5 37. Bxd5 Rxe5 38. Kxf2 Rxd5 39. Nd4 Bd7 40. Rb2 Re5 41. Rd2 Kc7 42. Rb2 Kd6 43. Rd2 Kc5 44. Nc2 Rf5+ 45. Ke2 Bc6 46. Nd4 Re5+ 47. Kf2 Bd5 48. Rb2 0-1

[Event "Uljanovsk Povolje op"]
[Site "Uljanovsk"]
[Date "2011.08.25"]
[Round "1"]
[White "Saveliev, Dmitri"]
[Black "Seyfutdinov, Rustam"]
[Result "1-0"]
[WhiteElo "2149"]
[BlackElo "1775"]
[PlyCount "45"]
[EventDate "2011.08.25"]
[EventType "swiss"]
[EventRounds "9"]
[EventCountry "RUS"]
[SourceTitle "CBM 144 Extra"]
[Source "ChessBase"]
[SourceDate "2011.10.28"]
[SourceVersion "1"]
[SourceVersionDate "2011.10.28"]
[SourceQuality "1"]

1. c4 Nf6 2. d4 e6 3. g3 g6 4. Bg2 Bg7 5. e4 0-0 6. Ne2 h6 7. Nbc3 d6 8. 0-0 Nbd7 9. h3 Ne8 10. Be3 f5 11. Nf4 Qf6 12. exf5 exf5 13. Ne6 Rf7 14. Bd5 Kh7 15. Qd2 c6 16. Bg5 hxg5 17. Nxg5+ Kh8 18. Nxf7+ Kh7 19. Ng5+ Kh8 20. Rfe1 Nc7 21. Qf4 cxd5 22. Qh4+ Kg8 23. Nxd5 1-0

[Event "Uljanovsk op"]
[Site "Uljanovsk"]
[Date "2010.02.09"]
[Round "4"]
[White "Saveliev, Dmitri"]
[Black "Meyling, Andrey"]
[Result "1/2-1/2"]
[WhiteElo "2173"]
[BlackElo "2057"]
[PlyCount "61"]
[EventDate "2010.02.06"]
[EventType "swiss"]
[EventRounds "9"]
[EventCountry "RUS"]
[SourceTitle "CBM 134 Extra"]
[Source "ChessBase"]
[SourceDate "2010.03.03"]
[SourceVersion "1"]
[SourceVersionDate "2010.03.03"]
[SourceQuality "1"]

1. g3 Nf6 2. Bg2 d5 3. c4 c6 4. Qc2 g6 5. d3 Bg7 6. Nf3 dxc4 7. Qxc4 Be6 8. Qb4 Qb6 9. Qa3 Na6 10. Be3 Qb4+ 11. Qxb4 Nxb4 12. Kd2 Ng4 13. Nc3 Nd5 14. Nd4 Ngxe3 15. fxe3 Bh6 16. Nxd5 Bxd5 17. Bxd5 cxd5 18. Rhc1 Kd7 19. Rc5 e6 20. Rac1 Rhc8 21. g4 Rxc5 22. Rxc5 a6 23. Nf3 Kd6 24. d4 f6 25. h4 e5 26. g5 Bg7 27. Rc1 e4 28. Ng1 fxg5 29. hxg5 Rf8 30. Nh3 Rf7 31. Rc8 1/2-1/2